Cristal (Registro nro. 1183)
[ vista simple ]
| 000 -CABECERA | |
|---|---|
| fixed length control field | 00781nam a22002417a 4500 |
| 003 - CONTROL NUMBER IDENTIFIER | |
| control field | AR-BeUNQ |
| 005 - FECHA Y HORA DE LA ULTIMA TRANSACCION | |
| control field | 20250415172119.0 |
| 008 - ELEMENTOS DE LONGITUD FIJA-INFORMACION GENERAL | |
| fixed length control field | 250227b19702024|||cao||r6|||o00| 0 spadc |
| 020 ## - NUMERO INTERNACIONAL NORMALIZADO PARA LIBROS | |
| Número Internacional Normalizado del libro | 9789873994319 |
| 040 ## - FUENTE DE CATALOGACION | |
| Agencia de catalogación original | AR-BeUNQ |
| Idioma de catalogación | ESPAÑOL |
| Agencia que realiza la transcripción | AR-BeUNQ |
| Convenciones de la descripción | aacr |
| 082 ## - NUMERO DE CLASIFICACION DECIMAL DEWEYMBER | |
| Número de la edición | 21 |
| Número de clasificación | A863 CIN |
| 100 01 - ASIENTO PRINCIPAL-NOMBRE PERSONAL | |
| Nombre personal | Cinetto, Liliana |
| Títulos u otras palabras asociadas al nombre | aut. |
| Fecha asociada al nombre | 1970 |
| 245 ## - MENCION DE TITULO | |
| Título | Cristal |
| Mención de responsabilidad, etc | Liliana Cinetto. |
| Medio físico | Libro |
| 250 ## - MENCION DE EDICION | |
| Mención de edición | 1a.ed |
| 260 ## - PUBLICACION, DISTRIBUCION, ETC. | |
| Lugar de publicación, distribución, etc. | Ciudad Atónoma de Buenos Aires : |
| Nombre del editor, distribuidor, etc. | La letra del gato, |
| Fecha de publicación, distribución, etc | 2023 |
| 300 ## - DESCRIPCION FISICA | |
| Extensión | 128 p. |
| Otros detalles físicos | il. ; |
| Dimensiones | 21 cm |
| 490 ## - MENCION DE SERIE | |
| Mención de serie | Identidades Bonaerenses |
| 500 ## - NOTA GENERAL | |
| Nota general | novela romática. |
| 650 ## - ASIENTO SECUNDARIO DE MATERIA - TERMINO TEMATICO | |
| Fuente del encabezamiento o términ | Novela romántica |
| Término temático o nombre geográfico como elemento de entrada | tell |
| 651 ## - ASIENTO SECUNDARIO DE MATERIA - NOMBRE GEOGRAFICO | |
| Fuente del encabezamiento o término | unescot |
| Nombre geográfico | Argentina |
| 929 ## - DATOS DE ADQUISICION | |
| Procedencia | DONACION |
| Proveedor | Ministerio de Educación de la Provincia de Buenos Aires |
| Orden de compra | 0 |
| Precio | 0 |
| Fecha de recibido | 05/11/2023 |
| Patrimonio UNQ | PAT0082648 |
| Número de inventario | 62885 |
| 942 ## - ELEMENTOS DE PUNTO DE ACCESO ADICIONAL (KOHA) | |
| Tipo de ítem Koha | Libros |
| Estado de retiro | Estado de pérdida | Ubicación permanente | Ubicación actual | Ubicación en estantería | Fecha de ingreso | Total Checkouts | Signatura topográfica completa | Inventario | Date last seen | Tipo de ítem Koha | Operador |
|---|---|---|---|---|---|---|---|---|---|---|---|
| Biblioteca ESET - UNQ | Biblioteca ESET - UNQ | CIRCULACION | 27/02/2025 | A 863 CIN | 62885 | 27/02/2025 | Libros | Gladys Alarcon |